[Event "Challenge"]
[Site "http://www.queenalice.com/game.php?id=1080112"]
[Date "2012.7.7"]
[Round "-"]
[White "Rogerio11"]
[Black "wesleyCXI"]
[Result "0-1"]
[WhiteElo "1165"]
[BlackElo "1350"]

1. e4 e5 2. Bc4 Qh4 3. Qf3 Nf6 4. Nc3 Bb4 5. Nb5 Na6 6. c3 Bc5 7. Nh3 Qxe4+ 8.
Kf1 Qxc4+ 9. Qe2 Qxe2+ 10. Kxe2 O-O 11. d4 exd4 12. Nxd4 Bxd4 13. cxd4 d6 14.
Bg5 Bxh3 15. gxh3 Rfe8+ 16. Kd2 Ne4+ 17. Kc1 Nxg5 18. h4 Nf3 19. h5 Re1+ 20.
Rxe1 Nxe1 21. Kd2 Nf3+ 22. Ke3 Nxh2 23. f4 Nb4 24. a3 Nc2+ 25. Kd3 Nxa1 26. b4
Re8 27. a4 Nc2 28. Kxc2 Nf3 29. b5 Nd2 30. Kxd2 g6 31. a5 gxh5 32. d5 h4 33. Kd3
h3 0-1

[Event "AUTO-INT-2380"]
[Site "http://www.queenalice.com/game.php?id=1082095"]
[Date "2012.7.13"]
[Round "1"]
[White "JoaquimRibeiro"]
[Black "wesleyCXI"]
[Result "0-1"]
[WhiteElo "1497"]
[BlackElo "1492"]

1. d4 f5 2. Nc3 Nf6 3. Bf4 e6 4. Nf3 c6 5. Bg5 d5 6. a3 Bd6 7. e3 O-O 8. Be2 Bd7
9. Qd2 Be8 10. O-O-O Bh5 11. Ne5 Bxe2 12. Nxe2 Nbd7 13. Nxd7 Qxd7 14. Bf4 Ne4
15. Qe1 Bxf4 16. Nxf4 b6 17. f3 Ng5 18. h4 Nf7 19. g4 fxg4 20. fxg4 e5 21. dxe5
Nxe5 22. g5 Qf5 23. Qf2 Ng6 0-1

[Event "AUTO-INT-2380"]
[Site "http://www.queenalice.com/game.php?id=1082096"]
[Date "2012.7.13"]
[Round "1"]
[White "wesleyCXI"]
[Black "JoaquimRibeiro"]
[Result "1-0"]
[WhiteElo "1474"]
[BlackElo "1515"]

1. e4 e5 2. Nf3 Nc6 3. Bc4 h6 4. d3 Nf6 5. Nc3 d6 6. h3 Be7 7. Be3 O-O 8. O-O a6
9. Bb3 Na5 10. d4 exd4 11. Bxd4 Nxb3 12. axb3 c5 13. Be3 Nd7 14. Nd5 Nf6 15. Qd2
Nxe4 16. Qd3 f5 17. Rfe1 b5 18. Nf4 Bb7 19. Ne6 Qd7 20. Nxf8 Rxf8 21. Nd2 1-0

[Event "AUTO-INT-2380"]
[Site "http://www.queenalice.com/game.php?id=1082111"]
[Date "2012.7.13"]
[Round "1"]
[White "wesleyCXI"]
[Black "joao37"]
[Result "1-0"]
[WhiteElo "1387"]
[BlackElo "1374"]

1. e4 e5 2. Nf3 Nc6 3. Bc4 Bd6 4. d3 Nh6 5. Ng5 O-O 6. Nf3 Na5 7. Bxh6 Bb4+ 8.
c3 Bc5 9. Bxg7 Kxg7 10. Nxe5 Qf6 11. Qg4+ Kh8 12. Nxf7+ Rxf7 13. Bxf7 Qxf7 14.
b4 Qxf2+ 15. Kd1 Qe3 16. bxc5 Qxd3+ 17. Ke1 Nc4 18. Rf1 Ne3 19. Rf8# 1-0

[Event "AUTO-INT-2380"]
[Site "http://www.queenalice.com/game.php?id=1082112"]
[Date "2012.7.13"]
[Round "1"]
[White "joao37"]
[Black "wesleyCXI"]
[Result "0-1"]
[WhiteElo "1356"]
[BlackElo "1397"]

1. e4 e5 2. Nf3 Nc6 3. d3 Bc5 4. Bg5 Nf6 5. Qd2 Nd4 6. Na3 Bxa3 7. bxa3 Nxf3+ 8.
gxf3 d6 9. d4 exd4 10. Qxd4 Be6 11. Qa4+ Bd7 12. Qb4 b6 13. Bb5 Bxb5 14. Qxb5+
Qd7 15. Qd3 O-O 16. e5 Rfe8 17. f4 dxe5 18. Qf1 exf4+ 19. Qe2 Rxe2+ 20. Kxe2
Qg4+ 21. Kf1 Qxg5 22. h4 Qg4 23. Re1 f3 0-1

[Event "AUTO-INT-2380"]
[Site "http://www.queenalice.com/game.php?id=1082113"]
[Date "2012.7.13"]
[Round "1"]
[White "wesleyCXI"]
[Black "formiga"]
[Result "0-1"]
[WhiteElo "1402"]
[BlackElo "1607"]

1. e4 e5 2. Nf3 Nf6 3. d3 Nc6 4. Bg5 Be7 5. Nc3 d6 6. h3 Be6 7. g3 O-O 8. Bg2
Nd7 9. Bxe7 Nxe7 10. O-O Nf6 11. Re1 c5 12. Ng5 Bd7 13. Nd5 Nexd5 14. exd5 Rb8
15. Be4 Nxe4 16. Nxe4 Bxh3 17. Re3 f5 18. Nc3 Qg5 19. Kh2 Bg4 20. Qg1 Qh5+ 21.
Kg2 Qh3# 0-1

[Event "AUTO-INT-2380"]
[Site "http://www.queenalice.com/game.php?id=1082114"]
[Date "2012.7.13"]
[Round "1"]
[White "formiga"]
[Black "wesleyCXI"]
[Result "0-1"]
[WhiteElo "1661"]
[BlackElo "1359"]

1. e4 e5 2. f4 exf4 3. Nf3 d6 4. Bc4 Bg4 5. O-O Nc6 6. d4 Bxf3 7. Rxf3 Nf6 8.
Bxf4 Nxe4 9. Re3 f5 10. Nc3 Qe7 11. Nxe4 fxe4 12. Bb5 O-O-O 13. Bxc6 bxc6 14. c4
d5 15. c5 Qf6 16. Be5 Qh6 17. Qb3 Kd7 18. Rae1 Qg5 19. Qb7 Rc8 20. a4 Bxc5 21.
Rc1 Qxe3+ 0-1

[Event "Challenge"]
[Site "http://www.queenalice.com/game.php?id=1084289"]
[Date "2012.7.19"]
[Round "-"]
[White "wesleyCXI"]
[Black "GuilhermeCXI"]
[Result "0-1"]
[WhiteElo "1402"]
[BlackElo "1686"]

1. e4 c5 2. Nf3 Nc6 3. d4 cxd4 4. Nxd4 Nf6 5. Nc3 e5 6. Nxc6 bxc6 7. Bg5 Be7 8.
Bc4 h6 9. Bh4 O-O 10. O-O Bb7 11. Re1 d5 12. exd5 cxd5 13. Bb5 e4 14. h3 a6 15.
Ba4 d4 16. Nxe4 Nxe4 17. Bxe7 Qxe7 18. f3 Qb4 19. c3 dxc3 20. fxe4 cxb2 21. Rb1
Bxe4 22. Bc2 Bxc2 23. Qxc2 Rab8 24. Re2 Rfc8 25. Qxb2 Qxb2 26. Rbxb2 Rc1+ 27.
Kh2 Rb1 28. Rxb1 Rxb1 29. Re8+ Kh7 30. Ra8 Rb6 31. Ra7 Kg6 32. Kg3 f5 33. Kh4
Rb4+ 34. Kg3 Ra4 35. Kf3 Rxa2 36. g4 fxg4+ 37. hxg4 a5 38. Kf4 a4 39. Ra6+ Kh7
40. g5 hxg5+ 41. Kxg5 Ra1 42. Kf4 a3 43. Ke3 a2 44. Kd2 g5 0-1

[Event "AUTO-OPEN-2756"]
[Site "http://www.queenalice.com/game.php?id=1089558"]
[Date "2012.8.2"]
[Round "1"]
[White "Wyrmnax"]
[Black "wesleyCXI"]
[Result "0-1"]
[WhiteElo "1462"]
[BlackElo "1424"]

1. e4 e5 2. Bc4 Nf6 3. d3 Bc5 4. Be3 d6 5. Nc3 Nc6 6. Nf3 Nd4 7. Nd5 Nxd5 8.
Bxd5 c6 9. Bc4 Bg4 10. h3 Bxf3 11. gxf3 Qf6 12. Qd2 Nxf3+ 13. Ke2 Nxd2 14. Bxd2
Qxf2+ 15. Kd1 Qf3+ 0-1

[Event "AUTO-OPEN-2756"]
[Site "http://www.queenalice.com/game.php?id=1089559"]
[Date "2012.8.2"]
[Round "1"]
[White "wesleyCXI"]
[Black "Wyrmnax"]
[Result "1-0"]
[WhiteElo "1459"]
[BlackElo "1435"]

1. e4 c6 2. Nc3 d5 3. exd5 cxd5 4. Bb5+ Bd7 5. Bxd7+ Qxd7 6. Qf3 e6 7. d4 Nc6 8.
Nge2 Bb4 9. Bd2 Nf6 10. Qg3 g6 11. O-O Ne4 12. Nxe4 dxe4 13. Bxb4 Nxb4 14. c3
Nd3 15. b3 O-O 16. Qe3 f5 17. f3 Qc7 18. fxe4 fxe4 19. Qxe4 Rxf1+ 20. Rxf1 Nb2
21. Qc2 Rf8 22. Rxf8+ Kxf8 23. Qxb2 e5 24. Qa3+ Kf7 25. Qxa7 e4 26. Qc5 Qd7 27.
Nf4 e3 28. Qd5+ Ke7 29. Qxd7+ Kxd7 30. c4 g5 31. Nd3 e2 32. Kf2 Kd6 33. Kxe2 1-0

[Event "AUTO-OPEN-2756"]
[Site "http://www.queenalice.com/game.php?id=1089586"]
[Date "2012.8.2"]
[Round "1"]
[White "wesleyCXI"]
[Black "MestreAylton"]
[Result "0-1"]
[WhiteElo "1506"]
[BlackElo "2154"]

1. e4 c5 2. Nf3 Nc6 3. d4 cxd4 4. Nxd4 e5 5. Nxc6 dxc6 6. Qxd8+ Kxd8 7. Bc4 f6
8. O-O b5 9. Rd1+ Kc7 10. Bb3 Ne7 11. f4 Ng6 12. f5 Ne7 13. Be6 Bxe6 14. fxe6
Rd8 15. Bd2 Rd6 16. Ba5+ Kb7 17. Rxd6 Ng6 18. Rd7+ Ka6 19. b4 c5 20. c3 c4 21.
Na3 Be7 22. Rad1 Re8 23. Bd8 Bxd8 24. Rxd8 Rxe6 25. R8d6+ Rxd6 26. Rxd6+ Kb7 27.
Nxb5 Nf4 28. Rd7+ Kc6 29. Rxg7 Kxb5 30. Rxa7 Ne2+ 31. Kf2 Nxc3 32. Rxh7 Kxb4 33.
Rf7 Nxe4+ 34. Ke3 Nc3 35. Rb7+ Kc5 36. a3 f5 0-1

[Event "AUTO-OPEN-2756"]
[Site "http://www.queenalice.com/game.php?id=1089587"]
[Date "2012.8.2"]
[Round "1"]
[White "MestreAylton"]
[Black "wesleyCXI"]
[Result "1-0"]
[WhiteElo "2153"]
[BlackElo "1508"]

1. d4 f5 2. Nf3 Nf6 3. c4 e6 4. Nc3 c6 5. e3 d5 6. a3 Bd6 7. cxd5 cxd5 8. Be2
O-O 9. O-O Bd7 10. h3 Be8 11. Bd2 Nbd7 12. b4 Bh5 13. Qb3 Rc8 14. Rfc1 Ne4 15.
Be1 Qe7 16. Rab1 Nb6 17. a4 Nc4 18. b5 b6 19. Qa2 Na5 20. Nxe4 fxe4 21. Nh2 Bxe2
22. Qxe2 Nc4 23. Qa2 Qc7 24. Nf1 Rf7 25. Nd2 g5 26. Nxc4 dxc4 27. Rc2 e5 28.
Rbc1 exd4 29. Rxc4 Bc5 30. exd4 Qd6 31. dxc5 Rxc5 32. Rxc5 bxc5 33. Qc4 Kf8 34.
Qxc5 Qxc5 35. Rxc5 h6 36. Re5 Rf4 37. g3 Rf3 38. Rxe4 1-0

[Event "wesleyCXI"]
[Site "http://www.queenalice.com/game.php?id=1097323"]
[Date "2012.8.28"]
[Round "1"]
[White "wesleyCXI"]
[Black "cevil"]
[Result "0-1"]
[WhiteElo "1504"]
[BlackElo "2004"]

1. e4 e5 2. Nf3 Nc6 3. Bc4 Bc5 4. d3 Nf6 5. Bg5 d6 6. h3 h6 7. Bh4 Be6 8. Nc3 a6
9. Nd5 Bxd5 10. Bxd5 g5 11. Bxc6+ bxc6 12. Bg3 Rb8 13. b3 Qc8 14. d4 Bb4+ 15.
Ke2 Nxe4 16. Kf1 Nxg3+ 17. fxg3 e4 18. Nd2 Qf5+ 0-1